Vaníček, Vratislav. Soběslav I. Přemyslovci v kontextu evropských dějin v letech 1092-1140. - Praha
| Titel: | Vaníček, Vratislav. Soběslav I. Přemyslovci v kontextu evropských dějin v letech 1092-1140. - Praha : Paseka. - 2007 [Rezension] |
|---|---|
| Verfasser: | |
| In: |
Matice Moravská (Brünn): Časopis Matice Moravské, Band 126, Heft 2 (2007), Seite 437-439 alle Artikel anzeigen |
| Veröffentlicht: | 2007 |
| Format: | Aufsatz |
| Sprache: | Tschechisch |
X
alg: 39500280
001A $01999:12-11-16
001B $01999:04-08-21 $t21:01:46.000
001D $01999:12-11-16
001U $0utf8
001X $00
002@ $0Aox
003@ $039500280X
007A $039500280X $aHEB
007T $0Herdc0062667m
010@ $acze
011@ $a2007
021A $aVaníček, Vratislav. Soběslav I. Přemyslovci v kontextu evropských dějin v letech 1092-1140. - Praha $dPaseka. - 2007 [Rezension]
028A $aWihoda $dMartin
031A $d126 $e2 $h437-439 $j2007
039B $aIn $8--Abvc--Matice Moravská$gBrünn [Tb1]. Časopis Matice Moravské. - Brno, 1869-. - ISSN 0323-052X $x200700001260002563 $9047461179
039T $8--Aau--Vaníček, Vratislav$Z1947- [Tp3]. Soběslav I.. - Vyd. 1.. - Praha {[u.a.] : Paseka, 2007. - 363 S., [8] Bl.. - ISBN 978-80-7185-831-7 $9197575811
045F $a900.94371 $eDDC23BSB
045F/01 $a900
045F/03 $g4371
045T $a8
lok: 39500280 78
exp: 39500280 78 1 #EPN
201B/01 $026-11-17 $t03:52:08.000
201U/01 $0utf8
203@/01 $0791301427
208@/01 $a12-11-16 $be
209A/01 $a/ $f000 $x00
220C/01 $aHerkunft: HÚ AV ČR Praha
244Z/01 $#Tschechien $#Tschechische Republik $#Tschechische Republik $#Tschechenland $#Tschechei Tschechien $#Česká Republika $#Czech Republic $#ČR $74303381-7 $8--Tg1--Tschechien $x01 $9086659812
244Z/01 $2Trx $#Böhmen $#Bohemia $#Czechy $8--Trx--Čechy $x02 $9391188941
244Z/01 $2Trx $#arvustused $#recenzijos $#Reviews $#recenziók $#recenzje $#recenzie $#recenze $8--Trx--Rezensionen $x03 $9391357441
247C/01 $82080>Marburg/Lahn, Herder-Institut, Forschungsbibliothek, Bibliographieportal $9336309341
| LEADER | 00000caa a22000002c 4500 | ||
|---|---|---|---|
| 001 | 39500280X | ||
| 003 | DE-603 | ||
| 005 | 20210804210146.0 | ||
| 007 | tu | ||
| 008 | 161112s2007 xx |||| | u00||u|cze c | ||
| 035 | |a (DE-599)HEB39500280X | ||
| 040 | |a DE-603 |b ger |c DE-603 |d DE-603 | ||
| 041 | |a cze | ||
| 082 | 0 | 4 | |8 1\u |a 900.94371 |q DE-101 |2 23/BSB |
| 084 | |a 8 |2 ssgn | ||
| 085 | |8 1\u |b 900 | ||
| 085 | |8 1\u |z 2 |s 4371 | ||
| 100 | 1 | |a Wihoda, Martin | |
| 245 | 0 | 0 | |a Vaníček, Vratislav. Soběslav I. Přemyslovci v kontextu evropských dějin v letech 1092-1140. - Praha |b Paseka. - 2007 [Rezension] |
| 264 | 0 | |c 2007 | |
| 773 | 0 | 8 | |i In |a Matice Moravská (Brünn) |t Časopis Matice Moravské |d Brno, 1869- |x 0323-052X |g Band 126, Heft 2 (2007), Seite 437-439 |w (DE-603)047461179 |w (DE-600)282647-1 |
| 787 | 0 | 8 | |i Rezension von |a Vaníček, Vratislav, 1947- |t Soběslav I. |b Vyd. 1. |d Praha [u.a.] : Paseka, 2007 |h 363 S., [8] Bl. |z 9788071858317 |w (DE-603)197575811 |
| 924 | 0 | |9 2080 |a (DE-603)791301427 |b DE-2080 |c HES |d d |g / | |


